| 000 | 00399cam a2200169ua 4500 | ||
|---|---|---|---|
| 020 | _c1.50 | ||
| 041 |
_amal _h |
||
| 082 |
_a928.94812 _bSAN/DH |
||
| 100 | _aSankaramenon, K P . | ||
| 245 |
_aDalai Lama / _cK P Sanakaramenon. _hTextual Documents |
||
| 260 |
_a : _bK P Sankara Menon , _c1962. |
||
| 300 | _a103 ; . | ||
| 365 | _a1.50 | ||
| 504 | _a | ||
| 942 | _cBK | ||
| 999 |
_c4657 _d4657 |
||